في سبيل موسوعة علمية / (رقم التسجيلة. 62411)

تفاصيل مارك
000 -LEADER
fixed length control field 00573nam a22002057a 4500
005 - DATE AND TIME OF LATEST TRANSACTION
control field 20251108171801.0
008 - FIXED-LENGTH DATA ELEMENTS--GENERAL INFORMATION
fixed length control field 250721s1992 xx 000 0 ara d
082 14 - DEWEY DECIMAL CLASSIFICATION NUMBER
Classification number م/ط/503/زكي
100 1# - MAIN ENTRY--PERSONAL NAME
Personal name زكي، أحمد
245 10 - TITLE STATEMENT
Title في سبيل موسوعة علمية /
250 ## - EDITION STATEMENT
Edition statement ط5 . ، منقحة
264 1# - PRODUCTION, PUBLICATION, DISTRIBUTION, MANUFACTURE, AND COPYRIGHT NOTICE
Place of production, publication, distribution, manufacture القاهرة :
Name of producer, publisher, distributor, manufacturer دار الشروق،
Date of production, publication, distribution, manufacture, or copyright notice 1992.
300 ## - PHYSICAL DESCRIPTION
Extent 599ص
650 17 - SUBJECT ADDED ENTRY--TOPICAL TERM
Topical term or geographic name as entry element العلوم
650 17 - SUBJECT ADDED ENTRY--TOPICAL TERM
Topical term or geographic name as entry element الموسوعات
650 17 - SUBJECT ADDED ENTRY--TOPICAL TERM
Topical term or geographic name as entry element العلم
653 ## - INDEX TERM--UNCONTROLLED
Uncontrolled term ناشئون كبار (15-18) سنة
942 ## - ADDED ENTRY ELEMENTS (KOHA)
Source of classification or shelving scheme Dewey Decimal Classification
Koha item type كتب
المقتنيات
حالة السحب حالة الفقدان مصدر التصنيف حالة التلف غير قابل للإعارة المكتبة الرئيسية المكتبة الحالية موقع الرف تاريخ التزويد الرقم المتسلسل Total Checkouts رقم الإستدعاء تاريخ آخر ظهور تاريخ الفاتورة نوع المادة (كوها) الباركود
    Dewey Decimal Classification   Not For Loan مكتبة الأميرة ايمان العامة مكتبة الأميرة ايمان العامة الأطفال 24/12/2013 5984]   م/ط/503/زكي 28/07/2025 24/12/2013 كتب PLD00291626
    Dewey Decimal Classification Unchecked   مكتبة البراءة للأطفال مكتبة البراءة للأطفال الأطفال 28/07/2025 366922   م/ط/503/زكي 28/07/2025 28/07/2025 كتب  
Implemented & Customized by: BBB with SCIT (Smart Chains for Information Technology)

Powered by Koha